| 000 | 00552nam a2200181Ia 4500 | ||
|---|---|---|---|
| 005 | 20260525150330.0 | ||
| 008 | 131103s9999 xx 000 0 und d | ||
| 040 | _aLoreto College | ||
| 041 | _aEnglish | ||
| 082 |
_a820.8A _bSOU |
||
| 245 |
_aSouthern festival _b a collection of South Australian writing _cComplied by The S.A.Fellowship of Australian writers |
||
| 260 |
_aAdelaide _bRIGBY _c[19-?] |
||
| 300 | _axi,208p. | ||
| 504 | _aIncludes bibliographies | ||
| 650 | _aAustrilian literatuure - Collections | ||
| 850 | _aLCLIB | ||
| 942 | _cBK | ||
| 999 |
_c21042 _d71521 |
||